Я познаю мир; Города мира: Детская энциклопедия

Bibliographische Detailangaben
Weitere Verfasser: Чекулаева Е. О. (составитель)
Sprache:Russisch
Veröffentlicht: Москва, АСТ, 2002
Schlagworte:
Format: MixedMaterials Buch
KOHA link:https://koha.lib.tpu.ru/cgi-bin/koha/opac-detail.pl?biblionumber=45735

MARC

LEADER 00000nam0a2200000 4500
001 45735
005 20231031024003.0
010 |a 5170090862 
035 |a (RuTPU)RU\TPU\book\47640 
090 |a 45735 
100 |a 20021216d2002 d y0rusy50 ca 
101 0 |a rus 
102 |a RU 
105 |a a f 001zy 
200 1 |a Я познаю мир  |a Города мира  |e Детская энциклопедия  |f сост. Е. О. Чекулаева 
210 |a Москва  |c АСТ  |d 2002 
215 |a 478 с.  |c ил. 
320 |a Предм. -имен. указ.: сю 461-470. 
610 1 |a география 
610 1 |a страны мира 
610 1 |a города 
610 1 |a энциклопедии детские 
675 |a 087:91(03)  |v 3 
702 1 |a Чекулаева  |b Е. О.  |4 220 
801 1 |a RU  |b 63413507  |c 20021216  |g PSBO 
801 2 |a RU  |b 63413507  |c 20030120  |g PSBO 
942 |c BK